000 00723 a2200253 4500
001 76623
005 20260519144133.0
010 _a978-989-741-390-2
090 _a76623
100 _a20260519d2016 a||u0pory50
101 _apor
_ceng
102 _aPT
200 _aOs cinco na ilha dos murmúrios
_fEnid Blyton
_gtrad. Eugénia Antunes
205 _a2.ª ed.
210 _aAlfragide
_cOficina do Livro
_d2016
215 _a182, [1] p.
225 _aOs cinco
_v20
304 _aTít. orig.: Five have a mystery to solve
675 _a087.5
_vBN
_zpor
675 _a821.111-311.3
_vBN
_zpor
700 _aBlyton
_bEnid
_f1897-1968
_910239
702 1 _aAntunes
_bEugénia
_f1972-
_4730
_950988
801 _aPT
_bBN
_gRPC
942 _cMON
_n0